000 00410nam a22001697a 4500
005 20180317155214.0
008 160623b xxu||||| |||| 00| 0 eng d
020 _a978-81-7194-499-6
041 _aeng
082 _b9331
_a346.07
100 _a2 Singhania, Dr vinod k and Dr monica
_92569
245 _aIncome Tax
260 _bTaxmanns
300 _aPara 438.10
650 _aManagement
_9241
942 _cBK
999 _c3664
_d3663